La propaganda política (Registro nro. 5554)

Detalles MARC
000 -LEADER
fixed length control field 00852 a2200193 4500
001 - CONTROL NUMBER
control field 54397
005 - DATE AND TIME OF LATEST TRANSACTION
control field 20260407155817.0
008 - FIXED-LENGTH DATA ELEMENTS--GENERAL INFORMATION
fixed length control field 260407a1986 arg spa d
003 - CONTROL NUMBER IDENTIFIER
control field AR-UNSa-BCEJYS
040 ## - CATALOGING SOURCE
Original cataloging agency AR-UNSa-BCEJYS
Language of cataloging spa
Transcribing agency AR-UNSa-BCEJYS
080 ## - UNIVERSAL DECIMAL CLASSIFICATION NUMBER
Universal Decimal Classification number 659
Common auxiliary subdivision Publicidad y propaganda. Información Relaciones públicas<br/>
100 1# - MAIN ENTRY--PERSONAL NAME
Personal name Domenach, Jean-Marie
245 10 - TITLE STATEMENT
Title La propaganda política
264 #1 - PRODUCTION, PUBLICATION, DISTRIBUTION, MANUFACTURE, AND COPYRIGHT NOTICE
Place of production, publication, distribution, manufacture Buenos Aires :
Name of producer, publisher, distributor, manufacturer EUDEBA (Editorial Universitaria de Buenos Aires)
Date of production, publication, distribution, manufacture, or copyright notice 1986
300 ## - PHYSICAL DESCRIPTION
Extent 135 p.
Dimensions 17 cm.
505 ## - FORMATTED CONTENTS NOTE
Formatted contents note 1. El ambiente – 2. Las dos fuentes de la propaganda – 3. La propaganda de tipo leninista – 4. La propaganda de tipo hitleriano – 5. Reglas y técnicas – 6. El mito, la mentira y el hecho – 7. Opinión y propaganda – 8. Democracia y propaganda.
590 ## - LOCAL NOTE (RLIN)
Local note niveau_biblio:m niveau_hierar:0
942 ## - ADDED ENTRY ELEMENTS (KOHA)
Koha item type
Existencias
Withdrawn status Lost status Damaged status Not for loan Home library Current library Shelving location Date acquired Total checkouts Full call number Barcode Date last seen Price effective from Koha item type
        Biblioteca Prof. Eusebio Cleto del Rey Biblioteca Prof. Eusebio Cleto del Rey   07/04/2026   659 D668 L45547 07/04/2026 07/04/2026 Libro
        Biblioteca Prof. Eusebio Cleto del Rey Biblioteca Prof. Eusebio Cleto del Rey   07/04/2026   659 D668 L45546 07/04/2026 07/04/2026 Libro